Investície, úspory, rovnováha na trhu kapitálu

Vplyv investícií na dynamiku vývoja ekonomiky, na jej ekonomický rast a celkovú výkonnosť. Ovplyvňujú agregátny dopyt a vedú k akumulácii kapitálu. Práca a pôda predstavujú primárne výrobné faktory, kapitál alebo kapitálové statky sekundárny výrobný faktor. Kapitál čiže kapitálové statky závisia od...

Celý popis

Uložené v:
Podrobná bibliografia
Hlavný autor: Vidová, Jarmila, 1967-
Médium: Kapitola
Jazyk:Slovak
Predmet:
Tagy: Pridať tag
Žiadne tagy, Buďte prvý, kto otaguje tento záznam!

MARC

LEADER 00000nla$a2200000$$$4500
001 0076358
005 20240502071907.9
041 0 |a slo 
044 |a SK 
245 1 0 |a Investície, úspory, rovnováha na trhu kapitálu  |c Jarmila Vidová 
520 |a Vplyv investícií na dynamiku vývoja ekonomiky, na jej ekonomický rast a celkovú výkonnosť. Ovplyvňujú agregátny dopyt a vedú k akumulácii kapitálu. Práca a pôda predstavujú primárne výrobné faktory, kapitál alebo kapitálové statky sekundárny výrobný faktor. Kapitál čiže kapitálové statky závisia od jej ekonomickej aktivity. V rozvinutej spoločnosti sa používa veľké množstvo kapitálu vo forme zariadení, stavieb, zásob a peňazí. Pod pojmom kapitál sa tiež chápu peniaze ako peňažný (potenciálny) kapitál, a to v podobe obligácií, akcií. 
610 2 0 |a investície 
610 2 0 |a úspory 
610 2 0 |a trh kapitálový 
610 2 0 |a kapitál 
100 1 |a Vidová, Jarmila, 1967-